UBT Library

THE STUDENT,S OXFORD ARISTOTELE (Record no. 60602)

000 -LEADER
fixed length control field 00309nam a22001337a 4500
008 - FIXED-LENGTH DATA ELEMENTS--GENERAL INFORMATION
fixed length control field 240318b ||||| |||| 00| 0 eng d
041 ## - LANGUAGE CODE
Language code of text/sound track or separate title eng
080 ## - UNIVERSAL DECIMAL CLASSIFICATION NUMBER
Edition identifier 1942
Universal Decimal Classification number 159.9
082 ## - DEWEY DECIMAL CLASSIFICATION NUMBER
Classification number 159.9ROS
100 ## - Rafti
Rafti 25
101 ## - Shkurtesa
Shkurtesa PSIKOLOGJI
245 ## - TITLE STATEMENT
Title THE STUDENT,S OXFORD ARISTOTELE
Statement of responsibility, etc W.D.ROSS
942 ## - ADDED ENTRY ELEMENTS (KOHA)
Source of classification or shelving scheme
Item type Books
Holdings
Withdrawn status Lost status Source of classification or shelving scheme Damaged status Not for loan Collection code Permanent location Current location Date acquired Total Checkouts Full call number Barcode Date last seen Price effective from Koha item type
          Koleksioni i përgjithshem UBT - Lipjan UBT - Lipjan 03/18/2024   159.9ROS 002-800070625 03/18/2024 03/18/2024 Books
UBT Library © 2015-2024. All rights reserved University Education for Business and Technology